000 00299nam a22001337a 4500
008 181003b xxu||||| |||| 00| 0 eng d
020 _a9780393936933
041 _aeng
080 _a159.9
100 _a48
101 _aPSY
245 _aResarch Methods Psychology
_cMorling.B
942 _2udc
_cBK
999 _c48810
_d48810